Metal Box / A History (Record no. 1898)
[ view plain ]
| 000 -LEADER | |
|---|---|
| fixed length control field | 01309cam a22002054a 4500 |
| 005 - ΗΜΕΡΟΜΗΝΙΑ ΚΑΙ ΩΡΑ ΤΕΛΕΥΤΑΙΑΣ ΕΝΗΜΕΡΩΣΗΣ | |
| Πεδίο ελέγχου | 20250605164022.0 |
| 008 - FIXED-LENGTH DATA ELEMENTS--GENERAL INFORMATION | |
| Πεδίο ελέγχου σταθερού μήκους | 250528s ||||||||||||||||||||||||d |
| 035 ## - SYSTEM CONTROL NUMBER | |
| System control number | 16393 |
| 020 ## - ISBN | |
| ISBN | 434625000 |
| 040 ## - ΠΗΓΗ ΚΑΤΑΛΟΓΟΓΡΑΦΗΣΗΣ | |
| Φορέας πρωτότυπης καταλογογράφησης | MC Athens Campus Library |
| Γλώσσα καταλογογράφησης | Ελληνικά, Μοντέρνα (1453-) |
| Modifying agency | MC Athens Campus Library |
| Κανόνες περιγραφικής καταλογογράφησης | AACR2 |
| 245 1# - ΤΙΤΛΟΣ ΚΑΙ ΔΗΛΩΣΗ ΥΠΕΥΘΥΝΟΤΗΤΑΣ | |
| Τίτλος | Metal Box / A History |
| 260 ## - PUBLICATION, DISTRIBUTION, ETC. | |
| Name of publisher, distributor, etc. | Heinemann, |
| Date of publication, distribution, etc. | 1976 |
| 300 ## - PHYSICAL DESCRIPTION | |
| Extent | 258 |
| 520 ## - SUMMARY, ETC. | |
| Summary, etc. | Foreword, Illustrations, Tables, The Expanding Market in Late Victorian England, The Ancestors: Victorian Tin-Box Makers, Decorated Tins, Cutter- Lids for Cigarettes, The Tin-Box and Canister Trade Before 1914, Coming Together 1914-1929: The Formation of Metal Box and Printing Industries Limited, The American Invasion 1929-1931, Metal Box: Barlow's Revolution 1929-1935, Netal Box at Home 1930-1939, Expansion in Depression, Rationalization in Tins, The Firm and the Industry 1939, Overseas Foundations 1930-1939, Wartime, The Post-War Market at Home, The American Connection after 1945, Life at Court: Problems of Management 1943-1954, The Long Boom: World Markets 1945-1970, Commonwealth Companies, Europe, The Overseas Experience 1945-1970, Metal Box Examined: the Monopolies Commission and the Business in 1970, Appendices, Index. |
| 700 1# - ΠΡΟΣΘΕΤΗ ΑΝΑΓΡΑΦΗ--ΦΥΣΙΚΟ ΠΡΟΣΩΠΟ | |
| Personal name | Reader W. J |
| 9 (RLIN) | 2487 |
| 700 1# - ΠΡΟΣΘΕΤΗ ΑΝΑΓΡΑΦΗ--ΦΥΣΙΚΟ ΠΡΟΣΩΠΟ | |
| Personal name | Slinn Judy |
| 9 (RLIN) | 2488 |
| 942 ## - ADDED ENTRY ELEMENTS (KOHA) | |
| Koha item type | Books |
| Τύπος τεκμηρίου | Βιβλιοθήκη | Τρέχουσα τοποθεσία | Barcode | Αριθμός εισαγωγής | Ημερομηνία απόκτησης | Ταξιθετικό σύμβολο | Αριθμός αντιτύπου | Κατάσταση απόσυρσης | Κατάσταση χαμένου | Κατάσταση κατεστραμμένου | Μη δανεισμός | Σύνολο δανεισμών | Ημερομηνία τελευταίας εμφάνισης | Η τιμή ισχύει από |
|---|---|---|---|---|---|---|---|---|---|---|---|---|---|---|
| Books | MC Athens Campus Library | MC Athens Campus Library | 9780000018977 | 4094 | 05/06/2025 | 338.7/68 REA | 1 | 05/06/2025 | 05/06/2025 |